| 000 | 01544nam a2200241Ia 4500 | ||
|---|---|---|---|
| 003 | Ost | ||
| 005 | 20260507075101.0 | ||
| 008 | 260507s9999||||xx |||||||||||||| ||und|| | ||
| 020 | _a72X5902977 | ||
| 040 | _cfsecg | ||
| 041 | _aara | ||
| 082 | _a658.8 | ||
| 100 |
_aأبوعلفة، عصام الدين أمين _eمؤلف |
||
| 245 | 0 |
_aالترويج : _bالمفاهيم-الإستراتيجيات-العمليات(النظرية والتطبيق) / _c عصام الدين أمين أبوعلفة |
|
| 260 |
_aالاسكندرية: _bمؤسسة حورس, _c2002 |
||
| 300 |
_a299 صفحة؛ _bإيضاحات ؛ _c24 سم |
||
| 504 | _aبيبليوغرافيا: ص.298 | ||
| 520 | _aالاتصالات التسويقية والترويج،الاتصالات التسويقية،الترويج-الاعلان-المفاهيم-الاستراتيجيات-العمليات،مفهوم وطبيعة الاعلان،تصميم الاعلان،الرسالة الاعلانية،استراتيجيات الوسائل الاعلانية،تخطيط الحملة الاعلانية،ميزانية الاعلان،قياس فعالية الاعلان،الدعاية/النشر،تنشيط المبيعات،البيع الشخصي،التسويق المباشر | ||
| 653 | _aالاعلان | ||
| 653 | _aالترويج | ||
| 653 | _aالتسويق | ||
| 942 | _cكتاب | ||
| 999 |
_c42801 _d42801 |
||